000 00769nam a2200289Ia 4500
001 2421
003 IT-RoPAU
008 130308s9999 xx 000 0 und d
040 _aIT-RoPAU
040 _cIT-RoPAU
041 _aITALIANO
100 _aAnonimo
100 _gCodice Aut. SPICS: 2620
245 _aCinema rivoluzionario in Germania (Il)
245 _bCinema e Rivoluzione-Via tedesca (La)-1919/1932
250 _a1a ed.
260 _aMILANO
260 _bLonganesi
260 _c1979 [1° Ed.:1979 - Ed.Ling.Originale:1926]
300 _a"3 p. (prefazione: no ; testo: 3 [pagine: 99-101])"
650 _aSTORIA NAZIONALE DEL CINEMA
650 _eCodice materia Spics: 6809
942 _cBK
957 _71
999 _c53929
_d53929
999 _bSI
999 _g1